00326 a2200121 450000500170000002000220001708200180003910000140005724500380007125000120010926000370012130000460015820250625123214.0 a978-0-07-298290-9 a428.40711 SPE aSPEARS, D aDeveloping Critical Readin Skills a7th Ed. aBostonbMcGraw-Hill Irwinc2006. axxiii,537p.: ill.; piccturesbIndexc23cm